书目信息 |
| 题名: |
创建贵州民族团结进步繁荣发展示范区研究
|
|
| 作者: | 罗剑, , 曾亮, , 才海峰, 著 | |
| 分册: | ||
| 出版信息: | 北京 经济管理出版社 2021.06 |
|
| 页数: | 232页 | |
| 开本: | 24cm | |
| 丛书名: | 贵州省学习贯彻习近平总书记系列重要评话精神丛书 | |
| 单 册: | ||
| 中图分类: | D633 | |
| 科图分类: | ||
| 主题词: | 民族团结--min zu tuan jie--研究--贵州 | |
| 电子资源: | ||
| ISBN: | 978-7-5096-7505-2 | |
| 000 | 01364nam 2200277 450 | |
| 001 | 27489 | |
| 005 | 20220921150118.20 | |
| 010 | @a978-7-5096-7505-2@dCNY98.00 | |
| 100 | @a20210707d2021 em y0chiy50 ea | |
| 101 | 0 | @achi |
| 102 | @aCN@b110000 | |
| 105 | @aa z 000yy | |
| 200 | 1 | @a创建贵州民族团结进步繁荣发展示范区研究@Achuang jian gui zhou min zu tuan jie jin bu fan rong fa zhan shi fan qu yan jiu@f罗剑, 曾亮, 才海峰等著 |
| 210 | @a北京@c经济管理出版社@d2021.06 | |
| 215 | @a232页@c图@d24cm | |
| 225 | 2 | @a贵州省学习贯彻习近平总书记系列重要评话精神丛书@Agui zhou sheng xue xi guan che xi jin ping zong shu ji xi lie zhong yao ping hua jing shen cong shu |
| 314 | @a罗剑, 现任贵州省社会科学院民族研究所所长、研究员。曾亮, 博士。才海峰, 硕士。 | |
| 330 | @a本书牢牢把握各民族共同团结奋斗、共同繁荣发展的主题, 围绕“推动民族地区后发赶超、改善民族地区民生问题、推动民族文化大发展大繁荣、推动民族地区经济社会协调发展”等进行研究, 对贵州近几年来开展的民族团结进步繁荣发展示范区创建实践作了生动的总结。 | |
| 410 | 0 | @12001 @a贵州省学习贯彻习近平总书记系列重要评话精神丛书 |
| 606 | 0 | @a民族团结@Amin zu tuan jie@x研究@y贵州 |
| 690 | @aD633@v5 | |
| 701 | 0 | @a罗剑,@Aluo jian@f1963-@4著 |
| 701 | 0 | @a曾亮,@Azeng liang@f1982-@4著 |
| 701 | 0 | @a才海峰,@Acai hai feng@f1989-@4著 |
| 801 | 0 | @aCN@c20220910 |
| 905 | @a河南城建学院图书馆@dD633@eL945@f2 | |
| 创建贵州民族团结进步繁荣发展示范区研究/罗剑, 曾亮, 才海峰等著.-北京:经济管理出版社,2021.06 |
| 232页:图;24cm.-(贵州省学习贯彻习近平总书记系列重要评话精神丛书) |
| ISBN 978-7-5096-7505-2:CNY98.00 |
| 本书牢牢把握各民族共同团结奋斗、共同繁荣发展的主题, 围绕“推动民族地区后发赶超、改善民族地区民生问题、推动民族文化大发展大繁荣、推动民族地区经济社会协调发展”等进行研究, 对贵州近几年来开展的民族团结进步繁荣发展示范区创建实践作了生动的总结。 |
| ● |
| 相关链接 |
|
|
|
正题名:创建贵州民族团结进步繁荣发展示范区研究
索取号:D633/L945
 
预约/预借
| 序号 | 登录号 | 条形码 | 馆藏地/架位号 | 状态 | 备注 |
| 1 | 1579633 | 215796333 | 社科库509/509社科库 74排9列2层/ [索取号:D633/L945] | 在馆 | |
| 2 | 1579634 | 215796342 | 社科库509/509社科库 74排9列2层/ [索取号:D633/L945] | 在馆 |